| 000 | 01311nam a2200337 a 4500 | ||
|---|---|---|---|
| 001 | ebr10677863 | ||
| 003 | CaPaEBR | ||
| 006 | m u | ||
| 007 | cr cn||||||||| | ||
| 008 | 130403s2013 njua sb 001 0 eng d | ||
| 010 | _z 58009935 | ||
| 020 | _z9781118477861 | ||
| 020 | _z9781118571804 (e-book) | ||
| 040 |
_aCaPaEBR _cCaPaEBR |
||
| 035 | _a(OCoLC)841170444 | ||
| 050 | 1 | 4 |
_aQD453.3 _b.A38 2013eb |
| 245 | 0 | 0 |
_aAdvances in chemical physics _h[electronic resource] . _nVolume 153 / _cedited by Stuart A. Rice, Aaron R. Dinner. |
| 250 | _a2nd ed. | ||
| 260 |
_aHoboken, N.J. : _bWiley, _c2013. |
||
| 300 |
_aix, 587 p. : _bill. |
||
| 490 | 1 |
_aAdvances in chemical physics ; _vv. 153 |
|
| 504 | _aIncludes bibliographical references and indexes. | ||
| 533 |
_aElectronic reproduction. _bPalo Alto, Calif. : _cebrary, _d2013. _nAvailable via World Wide Web. _nAccess may be limited to ebrary affiliated libraries. |
||
| 650 | 0 | _aChemistry, Physical and theoretical. | |
| 655 | 7 |
_aElectronic books. _2local |
|
| 700 | 1 | _aRice, Stuart A. | |
| 700 | 1 | _aDinner, Aaron R. | |
| 710 | 2 | _aebrary, Inc. | |
| 830 | 0 |
_aAdvances in chemical physics ; _vv. 153. |
|
| 856 | 4 | 0 |
_uhttp://site.ebrary.com/lib/rucke/Doc?id=10677863 _zAn electronic book accessible through the World Wide Web; click to view |
| 999 |
_c59356 _d59356 |
||